| 000 | 01981nam a2200421 c 4500 | ||
|---|---|---|---|
| 001 | 59587 | ||
| 003 | CO-BoRNBP | ||
| 005 | 20251023140505.0 | ||
| 007 | ta | ||
| 008 | 121119s2011 ck a ar 000 1dspa d | ||
| 020 | _a9789588445168 | ||
| 040 |
_aCO-BoRNBP _bspa _erda _cCO-BoRNBP |
||
| 041 | 1 |
_aspa _heng |
|
| 043 | _an-us--- | ||
| 084 | _aA | ||
| 100 | 1 |
_aRathmann, Peggy, _d1953- _eaut _966004 |
|
| 245 | 1 | 0 |
_aFaltan 10 minutos para dormir / _cPeggy Rathmann ; traducción de Carmen Diana Dearden. |
| 246 | 1 | _aFaltan diez minutos para dormir. | |
| 250 | _aEdición especial para el Ministerio de Cultura | ||
| 264 | 1 |
_aCaracas, Venezuela : _bEkare, _c2011 |
|
| 300 |
_a[48] páginas sin enumerar : _bIlustraciones en color |
||
| 336 |
_atexto _btxt _2rdacontent |
||
| 337 |
_asin mediación _bn _2rdamedia |
||
| 338 |
_avolumen _bnc _2rdacarrier |
||
| 490 | 0 | _aLeer es mi cuento | |
| 500 | _aIncluye datos biográficos de la autora | ||
| 520 | _aFaltan 10 minutos para ir a la cama y papá realiza su primera llamada; pero incluso así queda mucho tiempo: ¿qué tal un tour por toda la casa para algunos de los hámsteres de la manzana? Tiempo de sobra habrá para fotos, tomar un baño, jugar un poco, y hasta quedará suficiente para que niño y roedores con un buen cuento se solacen un poco | ||
| 521 | 1 | _aRecomendado para un público infantil mayor de 3 años | |
| 534 | _t10 minutes till bedtime | ||
| 650 | 0 | 7 |
_aLibros ilustrados para niños _2LEMB _92001 |
| 650 | 0 | 7 |
_aSueños en la literatura _2LEMB _92104 |
| 650 | 0 | 7 |
_aVida cotidiana en la lityeratura _2lemb _959521 |
| 650 | 0 | 0 |
_aFamilia en la literatura _2LEMB _91235 |
| 650 | 0 | 4 |
_aLiteratura infantil estadounidense _ySiglo XX _2LEMB _9817 |
| 700 | 1 |
_aDearden, Carmen Diana _d1942- _etrl _960737 |
|
| 830 |
_aDe cero a Siempre. Colección para la Primera Infancia del Ministerio de Cultura, Plan Nacional de Lectura y Escritura Leer es mi cuento, Primera Infancia 2013 _964580 |
||
| 942 |
_2loc _cBKLITI |
||
| 999 |
_c59587 _d59587 |
||